The Web of Words (Record no. 24131)
[ view plain ]
| 000 -LEADER | |
|---|---|
| fixed length control field | 00209nam a22000737a 4500 |
| 003 - CONTROL NUMBER IDENTIFIER | |
| control field | Nust |
| 005 - DATE AND TIME OF LATEST TRANSACTION | |
| control field | 20170525132736.0 |
| 008 - FIXED-LENGTH DATA ELEMENTS--GENERAL INFORMATION | |
| fixed length control field | 140508b xxu||||| |||| 00| 0 eng d |
| 010 ## - LIBRARY OF CONGRESS CONTROL NUMBER | |
| LC control number | 2004303512 |
| 020 ## - INTERNATIONAL STANDARD BOOK NUMBER | |
| Terms of availability | Available |
| International Standard Book Number | 1930657536 |
| 040 ## - CATALOGING SOURCE | |
| Original cataloging agency | DLC |
| Language of cataloging | DLC |
| Transcribing agency | RCMS |
| 082 ## - DEWEY DECIMAL CLASSIFICATION NUMBER | |
| Classification number | 808.04 CAR |
| 100 ## - MAIN ENTRY--PERSONAL NAME | |
| Personal name | Ronald Carter |
| 9 (RLIN) | 1434 |
| 245 ## - TITLE STATEMENT | |
| Title | The Web of Words |
| Statement of responsibility, etc. | Ronald carter |
| Remainder of title | Literature Through Language For Upper-Intermediate And Advanced Students |
| 260 ## - PUBLICATION, DISTRIBUTION, ETC. | |
| Place of publication, distribution, etc. | India |
| Name of publisher, distributor, etc. | Cambridge University Press |
| Date of publication, distribution, etc. | c 2007 |
| 300 ## - PHYSICAL DESCRIPTION | |
| Extent | v, 188 p. : |
| Other physical details | ill. ; |
| Dimensions | 26 cm. |
| 500 ## - GENERAL NOTE | |
| General note | What’s going on? Summary and Narrative Prediction (page-1) Scenario: Language, Dialogue and Setting (page-20) Talking Together: Ranking (Page-41) Read Together: Ranking (Page-20) Read It About : Text And Phonology (Page-54) On The Inside: Writing And Patterns Of Language (Page-65) Words And Their Impact: Structures Of Vocabulary (Page-52) Re-Writing Literary An Non Literary Discourse (Page-94) Under The Microscope: Introduction To Stylistic Analysis (Page-109) The Moving Finger Writer’s Background (Page-125) In The Forum: Reading And Dissuasion Literature (Page-145) |
| 538 ## - SYSTEM DETAILS NOTE | |
| Display text | Shelf # 13, Row # 1, Fiction. |
| 650 ## - SUBJECT ADDED ENTRY--TOPICAL TERM | |
| Topical term or geographic name entry element | Paper making machinery. |
| 9 (RLIN) | 1435 |
| 856 ## - ELECTRONIC LOCATION AND ACCESS | |
| Materials specified | Table of Content Only |
| 942 ## - ADDED ENTRY ELEMENTS (KOHA) | |
| Source of classification or shelving scheme | |
| Koha item type | Fiction |
| Withdrawn status | Lost status | Source of classification or shelving scheme | Damaged status | Not for loan | Permanent Location | Current Location | Shelving location | Date acquired | Total Checkouts | Full call number | Barcode | Date last seen | Price effective from | Koha item type |
|---|---|---|---|---|---|---|---|---|---|---|---|---|---|---|
| School of Interdisciplinary Engineering and Sciences (SINES) | School of Interdisciplinary Engineering and Sciences (SINES) | General Stacks | 05/08/2014 | 808.04CAR | RCMS000720 | 05/08/2014 | 05/08/2014 | Book | ||||||
| School of Interdisciplinary Engineering and Sciences (SINES) | School of Interdisciplinary Engineering and Sciences (SINES) | General Stacks | 05/08/2014 | 808.04CAR | RCMS000721 | 05/08/2014 | 05/08/2014 | Book |
